F1 - Top 3 Drivers of Every Championship - Statistics

General Stats
  • This quiz has been taken 167 times
  • The average score is 42 of 72
Answer Stats
Answers % Correct
Lewis Hamilton
100%
Max Verstappen
100%
Lando Norris
98%
Fernando Alonso
97%
Michael Schumacher
97%
Sebastian Vettel
97%
Charles Leclerc
96%
Ayrton Senna
94%
Nico Rosberg
94%
Kimi Räikkönen
93%
Oscar Piastri
93%
Jenson Button
92%
Keke Rosberg
91%
Alain Prost
89%
Valtteri Bottas
89%
Niki Lauda
84%
Sergio Pérez
84%
Damon Hill
82%
Mika Häkkinen
82%
James Hunt
81%
Graham Hill
80%
Phil Hill
80%
Felipe Massa
79%
Gilles Villeneuve
79%
Jacques Villeneuve
79%
Juan Manuel Fangio
79%
Daniel Ricciardo
78%
Nigel Mansell
76%
Mark Webber
75%
Nelson Piquet
75%
Alberto Ascari
69%
Giuseppe Farina
67%
Nino Farina
67%
Emerson Fittipaldi
66%
Jack Brabham
65%
Jackie Stewart
64%
Rubens Barrichello
63%
Jim Clark
61%
David Coulthard
60%
Jody Scheckter
60%
Alan Jones
58%
John Surtees
56%
Juan Montoya
54%
Mario Andretti
54%
Jochen Rindt
53%
Mike Hawthorn
53%
Denny Hulme
52%
Eddie Irvine
44%
Stirling Moss
38%
Bruce McLaren
35%
Riccardo Patrese
34%
Heinz Frentzen
33%
Gerhard Berger
31%
Jacky Ickx
30%
Ronnie Peterson
30%
Carlos Reutemann
28%
Clay Regazzoni
25%
Didier Pironi
22%
Michele Alboreto
22%
Elio de Angelis
21%
John Watson
21%
René Arnoux
20%
Luigi Fagioli
19%
José Froilán González
16%
Wolfgang von Trips
16%
François Cevert
13%
Peter Collins
13%
Luigi Musso
12%
Tony Brooks
12%
Eugenio Castellotti
9%
Piero Taruffi
9%
Richie Ginther
7%
No matching quizzes found
Score Distribution
Percent of People with Each Score
Percentile by Number Answered
Your Score History
You have not taken this quiz